|
|
|
|
| LEADER |
00000naa a2200000uu 4500 |
| 001 |
vtls011085110 |
| 003 |
SK-MaSNL |
| 005 |
20260302105125.0 |
| 008 |
210905|1996 xo |||||||||||||||||eng| |
| 015 |
|
|
|a SNBRA
|
| 035 |
|
|
|a (urnnbn)urn:nbn:sk:snk:ar-a0clr6
|
| 035 |
|
|
|a (uuid)03674e00-3d5b-4a4c-8bbb-04fcd1b9b55e
|
| 035 |
|
|
|a urn:nbn:sk:snk-aavrn4
|
| 040 |
|
|
|a SNKBUCL
|b slo
|c SNKBUCL
|e AACR2
|
| 041 |
0 |
|
|a eng
|
| 044 |
|
|
|a xo
|c SK
|
| 100 |
1 |
|
|a Frydrych, H.
|4 aut
|9 783314
|
| 245 |
1 |
0 |
|a RELATIONS BETWEEN PROPERTIES AND STRUCTURAL PARAMETERS OF SINTERED COPPER
|c H. Frydrych, A. Czarski, M. Sowa
|
| 246 |
3 |
|
|a Vzťahy medzi štruktúrnymi parametrami a vlastnosťami spekanej medi
|
| 700 |
1 |
|
|a Czarski, A.
|4 aut
|9 783315
|
| 700 |
1 |
|
|a Sowa, M.
|4 aut
|9 783316
|
| 773 |
0 |
|
|t Deformation and fracture in structural PM materials
|d Bratislava : Polygrafia SAV], 1996, 1996
|g S. 351-355
|z 8088780101
|
| 958 |
|
|
|a OND
|
| 958 |
|
|
|a article12
|
| 958 |
|
|
|a chapter
|
| 999 |
|
|
|c 1237454
|d 1239384
|